000 02679nam a2200457 i 4500
999 _c5206
_d5206
001 ocn1263865980
003 OCoLC
005 20250825135657.0
008 221128s2022 nyua d 6 000 1 eng d
020 _a9781338792676
040 _aYDX
_beng
_erda
_cYDX
_dOMN
_dMJ8
_dBKL
_dOCO
_dNYP
_dCaOL
_dKH8
082 _aFIC CAW
100 1 _aCawthon, Scott,
_d1971-
_eauthor,
_eillustrator.
245 1 0 _aFive nights at Freddy's :
_bFazbear frights /
_nVol. 1 /
_cby Scott Cawthon, Elley Cooper, and Carly Anne West ; adapted by Christopher Hastings ; Into the pit illustrated by Didi Esmeralda, colors by Eva De La Cruz ; To be beautiful illustrated by Anthony Morris Jr., colors by Ben Sawyer ; Out of stock illustrated by Andi Santagata, colors by Gonzalo Duarte, letters by Micah Myers.
246 3 0 _aFazbear frights.
246 3 3 _a5 nights at Freddy's.
_pFazbear frights graphic novel collection.
_nVolume one.
264 1 _aNew York :
_bGraphix, an imprint of Scholastic,
_c[2022]
264 4 _c©2022.
300 _a192 pages :
_bcolour illustrations ;
_c23 cm.
336 _astill image
_bsti
_2rdacontent.
336 _atext
_btxt
_2rdacontent.
337 _aunmediated
_bn
_2rdamedia.
338 _avolume
_bnc
_2rdacarrier.
490 1 _aFive nights at Freddy's ;
_v1.
520 _a"What do you wish for most? It's a question that Oswald, Sarah, and Oscar think they know the answer to. Oswald wishes his summer wasn't so boring, Sarah wishes to be beautiful, and Oscar wishes to get his hands on the mechanical toy that's out of stock all over town. But in the twisted world of Five Nights at Freddy's, their hearts' deepest desires have an unexpected cost. In this volume, three stories from the New York Times bestselling series Five Nights at Freddy's: Fazbear Frights come to life in delightfully horrifying comics. Readers beware: This collection of terrifying tales is enough to unsettle even the most hardened Five Nights at Freddy's fans."--back cover.
650 0 _aRobotics
_vFiction.
650 7 _aComics adaptations.
_2lcgft.
_2genre.
650 7 _aHorror comics.
_2lcgft.
_2genre.
650 7 _aGraphic novels.
_2genre.
650 7 _aComics (Graphic works)
_2genre.
700 1 _aSantagata, Andi
_c(Illustrator),
_eillustrator.
700 1 _aCooper, Elley,
_eauthor.
700 1 _aWest, Carly Anne,
_eauthor.
700 1 _aHastings, Chris,
_d1983-
_econtributor.
700 1 _aEsmeralda, Didi,
_eillustrator.
700 1 _aMorris, Anthony,
_cJr.,
_eillustrator.
730 0 _aFive nights at Freddy's (Scholastic Inc.)
730 0 _iBased on:
_tFive Nights at Freddy's (Video game)
830 0 _aFive nights at Freddy's (Scholastic Inc.)
942 _2ddc
_cGN